000 00428nam a2200145Ia 4500
008 211109s9999||||xx |||||||||||||| ||und||
082 _a920
_bKAN-M
100 _aKanigel, Robert
245 0 _aTh Man Who Knew Infinity
260 _bTharakan & Co Chry No 688
_aChanganacherry
_c1900
300 _a438p.
630 _xGENERAL STACK
650 _aBiography, genealogy & insignia
_vbiography
_xautobiographyGeneralia
942 _cBOOK
999 _c45176
_d45176